000 00856nam a22002897a 4500
001 4761
003 FISKH
005 20250428090643.0
008 241009b cb ||||| |||| 00| 0 eng d
020 _a0439173647
040 _aFISKH
_beng
_cFISKH
_dFISKH
082 _a636.7
100 _aChapman, Cindy
245 _aLook! /
_cWritten by Cindy Chapman Illustrated by Ester Szegedy
250 _aFirst printing in 2000
260 _aNew York :
_bScholastic,
_c2000.
300 _a8 pages :
_bColor illustrations ;
_c23 cm
505 _aC
520 _aTwo dogs enjoy their favorite activities until they end up getting a bath.
521 8 _a120L
_bLexile
521 8 _aC
_bRaz-Plus
650 _2Animal stories
_aDogs
650 _2Fiction
_aSight words
700 _aSzegedy, Esther
_dIllustrator
942 _2ddc
_cBK
_n0
999 _c4761
_d4761